000 00483nam a2200109Ia 4500
008 171212s9999 xx 000 0 und d
100 _aBurkhauser, Susan;Pierson, Ashley;Gates, Susan M.;Hamilton, Laura S.
245 _cBurkhauser, Susan;Pierson, Ashley;Gates, Susan M.;Hamilton, Laura S.
_aAddressing Challenges in Evaluating School Principal Improvement Efforts
260 _bRAND Corporation
_c2012
650 _aEducation
856 _uhttp://www.jstor.org/stable/10.7249/j.ctt1q60md
999 _c351679
_d351679